नारी स्पंदन / (Record no. 197987)

MARC details
000 -LEADER
fixed length control field 00666nam a22001817a 4500
005 - DATE AND TIME OF LATEST TRANSACTION
control field 20230911165847.0
010 ## - LCCN (DPL NO)
LC control number HIN-125887
020 ## - INTERNATIONAL STANDARD BOOK NUMBER
International Standard Book Number 9788192834238
Terms of availability 95.00
035 ## - SYSTEM CONTROL NUMBER
System control number HN-98233
082 ## - DEWEY DECIMAL CLASSIFICATION NUMBER
Classification number
100 ## - MAIN ENTRY--PERSONAL NAME
Personal name मामोरिया, अर्चना
245 ## - TITLE STATEMENT
Title नारी स्पंदन /
Statement of responsibility, etc अर्चना मामोरिया
260 ## - PUBLICATION, DISTRIBUTION, ETC. (IMPRINT)
Name of publisher, distributor, etc पोथी प्रकाशन
Date of publication, distribution, etc 2017
270 ## - ADDRESS
Address 5- Ashirvad Apartment nana bazar v v nagar
Postal code 380120
300 ## - PHYSICAL DESCRIPTION
Extent 96 पृ.
Dimensions 22 सेमी.(अजिल्द)
700 ## - ADDED ENTRY--PERSONAL NAME
Personal name आग्रवाल,दीपक
9 (RLIN) 55805
942 ## - ADDED ENTRY ELEMENTS (KOHA)
Source of classification or shelving scheme Dewey Decimal Classification
Item type Hindi Books
Classification part
Call number suffix मामोरि
Holdings
Withdrawn status Lost status Not for loan Collection code Home library Current library Date acquired Source of acquisition Cost, normal purchase price Full call number Barcode Copy number Cost, replacement price Koha item type
      Fiction Mobile Library Mobile Library 11/09/2023 DBAD/PUB 95.00 क मामोरि HN-98233 1 95.00 Hindi Books

© Delhi Public Library
Hit Counter
free hit counter